Σύγχρονο management επιχειρήσεων και οργανισμών

Saved in:
Bibliographic Details
Main Author: Μαντζάρης, Γιάννης
Format: Book
Language:Greek
Published: Σέρρες : Μαντζάρης Γιάννης, 2011
Subjects:
Tags: Add Tag
No Tags, Be the first to tag this record!

MARC

LEADER 00000cam a2200000 i 4500
001 1/48797
008 140605s2011####gr | | ||| ||| | gre||
020 |a 978-960-92475-5-9 (τ.Α) 
035 |l 10117887 
040 |a GR-MY-UA  |b gre  |e aacr 
041 0 |a gre 
082 0 |a 658  |2 (23) 
100 1 |a Μαντζάρης, Γιάννης. 
245 1 0 |a Σύγχρονο management επιχειρήσεων και οργανισμών /  |c Μαντζάρης Γιάννης 
260 |a Σέρρες :   |b Μαντζάρης Γιάννης,   |c 2011 
300 |a 829 σ.;  |b πίν., σχεδ.;  |c 24 εκ. 
504 |a Βιβλιογραφία : σ. [821]-829 
650 0 0 |a Management. 
650 0 0 |a Industrial management. 
852 |a INST  |b CHIOS  |e 20210616  |h 658 ΜΑΝ  |p 005200039682  |q 005200039682  |t BK  |v τ.Α:  |y 0 
852 |a INST  |b LESVOS  |e 20140605  |h 658 ΜΑΝ  |p 005100054320  |q 005100054320  |t BK  |y 0  |z τ.Α 
852 |a INST  |b LESVOS  |e 20140605  |h 658 ΜΑΝ  |p 005100054320  |q 005100054320  |t BK  |v τ.Α:  |y 0  |z τ.Α 
853 |a INST  |b CHIOS  |h 658 ΜΑΝ 
853 |a INST  |b LESVOS  |h 658 ΜΑΝ 
901 |a BIBL1-2014-2 
970 |a ΤΖΑΦΕΡΗ  |b ΕΥΑΓΓΕΛΙΑ  |z 2014/06/05